00402nam a2200157Ia 4500008004100000020001500041082001200056100002100068245001900089250000700108260003600115300002900151500001900180600003300199650001200232240925s9999 xx 000 0 und d a8120308468 a539 OHA aOhanian, Hans C. 0aModern Physics aNA aLondon:bPrentice, Hallc,1987. axxiv,680p.bNAfOriginal aIncludes Index aHumanities & Natural Science aPhysics